[Event "34. Bayerische Senioren EM"]
[Site "Bergen im Chiemgau"]
[Date "2024.06.04"]
[Round "8.8"]
[White "Hartlieb, Jürgen"]
[Black "Hess, Christian"]
[Result "1/2-1/2"]
[BlackElo "2157"]
[BlackTeam "FC ST.Pauli"]
[EventDate "2024.??.??"]
[PlyCount "29"]
[WhiteElo "1983"]
[WhiteTeam "SC Grunbach"]

1. Nf3 Nf6 2. b3 g6 3. Bb2 Bg7 4. e4 d6 5. d3 O-O 6. Nbd2 c5 7. Be2 Nc6 8. O-O
e5 9. Nc4 Nh5 10. c3 Nf4 11. Qd2 Be6 12. Rad1 Bh6 13. Kh1 Bg7 14. d4 cxd4 15.
cxd4  1/2-1/2

[Event "34. Bayerische Senioren EM"]
[Site "Bergen im Chiemgau"]
[Date "2024.06.04"]
[Round "8.9"]
[White "Jergler, Karl-Heinz"]
[Black "Königl, Anton"]
[Result "1-0"]
[BlackElo "1881"]
[BlackTeam "FC Ergolding"]
[EventDate "2024.??.??"]
[PlyCount "73"]
[WhiteElo "2079"]
[WhiteTeam "SC Rottal-Inn"]

1. e4 c5 2. c3 d6 3. d4 cxd4 4. cxd4 Nf6 5. Nc3 a6 6. h3 g6 7. Nf3 Bg7 8. Bd3
O-O 9. O-O Nc6 10. d5 Nb8 11. a4 Nbd7 12. Be3 Nc5 13. b4 Nxd3 14. Qxd3 b6 15.
Nd4 Bb7 16. Rac1 Nd7 17. f4 Rc8 18. Nce2 Rxc1 19. Rxc1 Qa8 20. Rc7 Rd8 21. Nc6
Bxc6 22. dxc6 Nb8 23. b5 axb5 24. axb5 Re8 25. Bxb6 Nxc6 26. Rxc6 Qb7 27. Bd4
Bxd4+ 28. Nxd4 Rb8 29. Qc4 Kg7 30. Rc7 Qxe4 31. Qc3 Kh6 32. Qd2 Kg7 33. Qf2 Ra8
34. b6 Ra1+ 35. Kh2 Rb1 36. Nc6 Re1 37. Rxe7  1-0

[Event "34. Bayerische Senioren EM"]
[Site "Bergen im Chiemgau"]
[Date "2024.06.04"]
[Round "8.10"]
[White "Aßmann, Norbert"]
[Black "Kneutgen, Alexander"]
[Result "0-1"]
[BlackElo "2038"]
[BlackTeam "SG Niederkassel"]
[EventDate "2024.??.??"]
[PlyCount "48"]
[WhiteElo "1962"]
[WhiteTeam "SF 1967 Sailauf e.V."]

1. Nf3 d5 2. g3 g6 3. Bg2 Bg7 4. d4 Nf6 5. O-O O-O 6. c4 c6 7. Nc3 dxc4 8. Bf4
Nd5 9. Bxb8 Rxb8 10. a4 a5 11. Qd2 Nxc3 12. Qxc3 Be6 13. e3 Bd5 14. Ne5 Bxg2
15. Kxg2 Bxe5 16. dxe5 Qd5+ 17. Kg1 Rfd8 18. Rad1 Qc5 19. Rc1 Rd5 20. b3 Rbd8
21. bxc4 Rd3 22. Qc2 Rd2 23. Qb3 Qb4 24. Rb1 c5  0-1

[Event "34. Bayerische Senioren EM"]
[Site "Bergen im Chiemgau"]
[Date "2024.06.04"]
[Round "8.11"]
[White "Kell, Stefan"]
[Black "Kieffer, Joachim"]
[Result "0-1"]
[BlackElo "2040"]
[BlackTeam "SK Bruckmühl"]
[EventDate "2024.??.??"]
[PlyCount "76"]
[WhiteElo "1933"]
[WhiteTeam "SK Mangfalltal"]

1. e4 c5 2. Nf3 Nc6 3. d4 cxd4 4. Nxd4 e5 5. Nb5 a6 6. Nd6+ Bxd6 7. Qxd6 Qe7 8.
Qd1 d6 9. Nc3 Be6 10. g3 Qd7 11. Nd5 Rd8 12. Be3 Nge7 13. h4 O-O 14. h5 f6 15.
Bc4 Bxd5 16. Bxd5+ Nxd5 17. Qxd5+ Qf7 18. Qxf7+ Kxf7 19. O-O-O Ke6 20. Bb6 Rd7
21. Rd3 Rc8 22. a3 Ne7 23. f4 exf4 24. gxf4 f5 25. e5 dxe5 26. Rxd7 Kxd7 27.
Rd1+ Kc6 28. Bf2 exf4 29. Rd4 g5 30. hxg6 Nxg6 31. Rd3 Re8 32. Kd2 Re7 33. Rh3
Kd5 34. c3 Ke4 35. Bd4 f3 36. Rh2 Kf4 37. Rh5 Kg4 38. Rh6 Re2+  0-1

[Event "34. Bayerische Senioren EM"]
[Site "Bergen im Chiemgau"]
[Date "2024.06.04"]
[Round "8.12"]
[White "Beutelhoff, Josef"]
[Black "Christen, Pierre"]
[Result "0-1"]
[BlackElo "1928"]
[BlackTeam "IGS Trier"]
[EventDate "2024.??.??"]
[PlyCount "31"]
[WhiteElo "2032"]
[WhiteTeam "SF Olfen"]

1. c4 Nf6 2. d4 c6 3. Nc3 d5 4. e3 a6 5. Nf3 Bf5 6. Qb3 Ra7 7. Bd2 e6 8. c5 Nbd7
9. Na4 Ne4 10. Nb6 Nexc5 11. dxc5 Nxc5 12. Qd1 Qxb6 13. Bc3 Ne4 14. Be2 Bb4 15.
Rc1 Nxc3 16. bxc3  0-1

[Event "34. Bayerische Senioren EM"]
[Site "Bergen im Chiemgau"]
[Date "2024.06.04"]
[Round "8.13"]
[White "Jaeger, Andre"]
[Black "Rogun, Ulrich"]
[Result "1-0"]
[BlackElo "1770"]
[BlackTeam "FC Bayern München"]
[EventDate "2024.??.??"]
[PlyCount "115"]
[WhiteElo "1942"]
[WhiteTeam "SC Rochade (Berlin)"]

1. d4 Nf6 2. c4 e6 3. Nc3 c5 4. Nf3 g6 5. e4 cxd4 6. Nxd4 Nc6 7. Be3 Bg7 8. Be2
O-O 9. Qd2 d5 10. exd5 exd5 11. cxd5 Nxd5 12. Nxd5 Nxd4 13. Bc4 Nf5 14. Bg5
Re8+ 15. Kf1 Qd6 16. g4 Nd4 17. Bf4 Be5 18. Qxd4 Bd7 19. Bxe5 Rxe5 20. f4 Rxd5
21. Bxd5 Be6 22. Rd1 Rd8 23. Qe5 Qxe5 24. fxe5 Rxd5 25. Rxd5 Bxd5 26. Rg1 Bxa2
27. Kf2 Bd5 28. g5 Kf8 29. Rd1 Bc6 30. Ke3 Ke7 31. Rd6 a5 32. Kd4 a4 33. Kc5
Ke8 34. Rxc6 bxc6 35. Kxc6 Ke7 36. Kb5 Ke6 37. Kxa4 Kxe5 38. b4 Kd6 39. Kb5 Kc7
40. Ka6 Kd6 41. b5 Ke5 42. b6 Kf5 43. b7 Kxg5 44. b8=Q f5 45. Qg3+ Kf6 46. h4
h6 47. Kb6 g5 48. hxg5+ hxg5 49. Qd6+ Kg7 50. Qe5+ Kg6 51. Qe6+ Kh5 52. Qxf5
Kh4 53. Qf2+ Kh3 54. Qf3+ Kh4 55. Qg2 g4 56. Kc5 g3 57. Kd4 Kg4 58. Ke4  1-0

[Event "34. Bayerische Senioren EM"]
[Site "Bergen im Chiemgau"]
[Date "2024.06.04"]
[Round "8.14"]
[White "Röder, Gerd"]
[Black "Huber, Walter"]
[Result "1-0"]
[BlackElo "1894"]
[BlackTeam "SG Traunstein/Traunreut"]
[EventDate "2024.??.??"]
[PlyCount "89"]
[WhiteElo "2139"]
[WhiteTeam "SV Altensittenbach"]

1. e4 c6 2. Nc3 d5 3. Qf3 dxe4 4. Nxe4 Nd7 5. d4 Ndf6 6. c3 Nxe4 7. Qxe4 Nf6 8.
Qc2 Qd5 9. Nf3 Bf5 10. Qb3 Qxb3 11. axb3 e6 12. b4 Bd6 13. Be2 h6 14. O-O O-O
15. Ne5 a6 16. Bf4 Rfd8 17. Bg3 Ne4 18. Nc4 Nxg3 19. hxg3 Bc7 20. Na5 Bxa5 21.
bxa5 Rd7 22. Rfd1 f6 23. f3 Kf7 24. Kf2 Rad8 25. b4 e5 26. dxe5 Rxd1 27. Rxd1
Rxd1 28. Bxd1 fxe5 29. Ke3 Ke7 30. Be2 Kd6 31. f4 Kd5 32. c4+ Ke6 33. Bf3 Kd6
34. Be4 Bg4 35. Bd3 Bd7 36. Ke4 exf4 37. gxf4 g6 38. Kd4 Bf5 39. Be2 g5 40. g4
Bg6 41. f5 Be8 42. c5+ Ke7 43. Ke5 Bf7 44. f6+ Kd7 45. Bd3  1-0

[Event "34. Bayerische Senioren EM"]
[Site "Bergen im Chiemgau"]
[Date "2024.06.04"]
[Round "8.15"]
[White "Lechner, Otto"]
[Black "Keller, Harald"]
[Result "1/2-1/2"]
[BlackElo "2052"]
[BlackTeam "SV Rottweil"]
[EventDate "2024.??.??"]
[PlyCount "40"]
[WhiteElo "1913"]
[WhiteTeam "TSV Wertingen"]

1. d4 Nf6 2. Nf3 e6 3. Nbd2 d5 4. e3 Be7 5. Bd3 b6 6. Qe2 Bb7 7. O-O Nbd7 8. b3
O-O 9. Bb2 c5 10. Ne5 Ne4 11. Nxd7 Qxd7 12. Bb5 Qd8 13. Nf3 Bf6 14. Rab1 cxd4
15. exd4 Rc8 16. c4 Qe7 17. a3 Rfd8 18. Rfc1 Nd6 19. c5 Nxb5 20. Qxb5 Bc6 
1/2-1/2

[Event "34. Bayerische Senioren EM"]
[Site "Bergen im Chiemgau"]
[Date "2024.06.04"]
[Round "8.16"]
[White "Michalek, Barbara"]
[Black "Waltenberger, Udo"]
[Result "1/2-1/2"]
[BlackElo "1993"]
[BlackTeam "SV Eiche Reichenbrand"]
[EventDate "2024.??.??"]
[PlyCount "98"]
[WhiteElo "1891"]
[WhiteTeam "SK Lehrte"]

1. Nf3 c5 2. c4 g6 3. Nc3 Bg7 4. g3 Nc6 5. Bg2 e5 6. d3 Nge7 7. O-O d6 8. Ne1
Be6 9. Nd5 O-O 10. Nc2 Rb8 11. a4 b6 12. Nce3 Qd7 13. Rb1 a5 14. Nc3 Nb4 15.
Qb3 f5 16. Ned5 Nexd5 17. cxd5 Bf7 18. Nb5 Rfe8 19. e4 Qe7 20. Qc4 fxe4 21.
dxe4 Nc6 22. b3 Nd4 23. Nc3 Qd7 24. Bd2 Rb7 25. Qd3 Reb8 26. Rfe1 b5 27. Bf1
bxa4 28. bxa4 Rxb1 29. Rxb1 Rxb1 30. Nxb1 Qxa4 31. Kg2 Bf8 32. Na3 Nb3 33. Nb1
Nxd2 34. Nxd2 Qd4 35. Nc4 Qxd3 36. Bxd3 a4 37. Bb1 g5 38. g4 Be8 39. f3 Bb5 40.
Ba2 Kf7 41. Kf2 Ke7 42. Ke3 Kd7 43. Kd2 Be7 44. Na3 Ba6 45. Bc4 Bc8 46. Bb5+
Kc7 47. Bxa4 Ba6 48. Bc2 Bd8 49. Bd3 Bc8  1/2-1/2

[Event "34. Bayerische Senioren EM"]
[Site "Bergen im Chiemgau"]
[Date "2024.06.04"]
[Round "8.17"]
[White "Zerweck, Christoph"]
[Black "Brettschneider, Karl"]
[Result "1/2-1/2"]
[BlackElo "1965"]
[BlackTeam "SC Leinfelden"]
[EventDate "2024.??.??"]
[PlyCount "25"]
[WhiteElo "1917"]
[WhiteTeam "SV Herrenberg e.V."]

1. e4 c5 2. Nc3 Nc6 3. Bb5 Nd4 4. Bc4 e6 5. Nge2 Nxe2 6. Qxe2 a6 7. a4 Ne7 8. d3
Nc6 9. Be3 b6 10. O-O Be7 11. Rfd1 Bf6 12. f4 Bd4 13. Bxd4  1/2-1/2

[Event "34. Bayerische Senioren EM"]
[Site "Bergen im Chiemgau"]
[Date "2024.06.04"]
[Round "8.18"]
[White "Jiritschka, Wolfgang"]
[Black "Limbach, Torsten"]
[Result "1/2-1/2"]
[BlackElo "1945"]
[BlackTeam "SV Großhansdorf"]
[EventDate "2024.??.??"]
[PlyCount "67"]
[WhiteElo "1882"]
[WhiteTeam "Bayer Leverkusen"]

1. Nf3 c5 2. g3 Nc6 3. d4 cxd4 4. Nxd4 g6 5. Bg2 Bg7 6. Nxc6 bxc6 7. c4 Rb8 8.
Qc2 Qb6 9. Nc3 Qb4 10. O-O Qxc4 11. Bd2 Nh6 12. b3 Qc5 13. Rac1 Nf5 14. e4 Nd4
15. Qd3 Qb6 16. Rfd1 Ba6 17. Qe3 h5 18. Re1 O-O 19. Na4 Qd8 20. Nc5 Bb7 21. e5
Nf5 22. Qd3 Bc8 23. Bf4 Rb4 24. Re4 Rxe4 25. Bxe4 d6 26. exd6 exd6 27. Bxf5
Bxf5 28. Qxd6 Qxd6 29. Bxd6 Rd8 30. Bf4 Bb2 31. Re1 Bc3 32. Rc1 Bb2 33. Re1 Bc3
34. Rc1  1/2-1/2

[Event "34. Bayerische Senioren EM"]
[Site "Bergen im Chiemgau"]
[Date "2024.06.04"]
[Round "8.19"]
[White "Fischer, Manfred"]
[Black "Heiler, Karl"]
[Result "1-0"]
[BlackElo "1869"]
[BlackTeam "TG Bad Waldsee 1848"]
[EventDate "2024.??.??"]
[PlyCount "57"]
[WhiteElo "1949"]
[WhiteTeam "SK Töging"]

1. e4 d6 2. d4 Nf6 3. Nc3 e5 4. dxe5 dxe5 5. Qxd8+ Kxd8 6. Bg5 Be6 7. f4 exf4 8.
e5 h6 9. Bh4 g5 10. exf6 gxh4 11. O-O-O+ Nd7 12. Nf3 Bc5 13. Nxh4 Kc8 14. Ne4
Be3+ 15. Kb1 a5 16. Be2 Rg8 17. Rhf1 a4 18. g3 Bg4 19. Bxg4 Rxg4 20. h3 Rxh4
21. gxh4 Ra5 22. Nf2 Nxf6 23. Ng4 Ne4 24. Nxe3 fxe3 25. Rxf7 b6 26. Re7 e2 27.
Re1 Ng3 28. Re3 Rd5 29. Kc1  1-0

[Event "34. Bayerische Senioren EM"]
[Site "Bergen im Chiemgau"]
[Date "2024.06.04"]
[Round "8.20"]
[White "Mayr, Günter"]
[Black "Klein, Gernot"]
[Result "1/2-1/2"]
[BlackElo "1834"]
[BlackTeam "PTSV Aachen"]
[EventDate "2024.??.??"]
[PlyCount "38"]
[WhiteElo "1925"]
[WhiteTeam "RW Klettham SAB"]

1. e4 c5 2. Nf3 e6 3. d4 cxd4 4. Nxd4 a6 5. c4 Nf6 6. Nc3 Bb4 7. f3 Nc6 8. Nxc6
bxc6 9. Be3 O-O 10. a3 Bxc3+ 11. bxc3 Qa5 12. Qb3 Qe5 13. Bd3 Rb8 14. Qc2 Nh5
15. O-O Nf4 16. Rab1 Rxb1 17. Rxb1 Nxd3 18. Qxd3 f5 19. Qd4 Qxd4  1/2-1/2

[Event "34. Bayerische Senioren EM"]
[Site "Bergen im Chiemgau"]
[Date "2024.06.04"]
[Round "8.21"]
[White "Langer, Raimund"]
[Black "Gläser, Wilfried"]
[Result "1/2-1/2"]
[BlackElo "2081"]
[BlackTeam "SK Anderten"]
[EventDate "2024.??.??"]
[PlyCount "47"]
[WhiteElo "1637"]
[WhiteTeam "SF Kirchhellen 50/72"]

1. e4 d6 2. d4 Nf6 3. Nc3 g6 4. f4 Bg7 5. Nf3 O-O 6. Bd3 Na6 7. O-O c5 8. d5 Nc7
9. Kh1 Rb8 10. a4 a6 11. a5 Bd7 12. Qe1 e6 13. dxe6 fxe6 14. Be3 Ng4 15. Bd2
Nb5 16. h3 Nh6 17. e5 d5 18. Na4 Qe7 19. c4 Nd4 20. Nxd4 Bxa4 21. Rxa4 Qd7 22.
b3 cxd4 23. Bb4 Rfe8 24. Bd6  1/2-1/2

[Event "34. Bayerische Senioren EM"]
[Site "Bergen im Chiemgau"]
[Date "2024.06.04"]
[Round "8.22"]
[White "Neubauer, Jaroslaus"]
[Black "Chochoy, Patrick"]
[Result "1-0"]
[BlackElo "1712"]
[BlackTeam "Franconville"]
[Time "09:30:00"]
[PlyCount "67"]
[WhiteElo "2046"]
[WhiteTeam "SK Schweinfurt"]

1. e4 c5 2. Nf3 d6 3. d4 cxd4 4. Nxd4 Nf6 5. Nc3 a6 6. Bg5 e6 7. f4 Be7 8. Qf3
Qc7 9. O-O-O Nbd7 10. Bd3 h6 11. Bh4 g5 12. fxg5 Ne5 13. Qe2 Nfg4 14. h3 hxg5
15. Bg3 Nf6 16. Nf3 Nfd7 17. Rhf1 b5 18. Qf2 Rf8 19. h4 b4 20. Na4 Qa5 21. b3
Nxf3 22. gxf3 gxh4 23. Bxh4 Bxh4 24. Qxh4 Ne5 25. Kb1 Bd7 26. Nb2 Qc7 27. f4
Ng6 28. Qg5 Qc3 29. Nc4 Ne7 30. Nxd6+ Kd8 31. Bc4 a5 32. Rd3 Qh8 33. Rfd1 Rb8
34. Nxf7+  1-0

[Event "34. Bayerische Senioren EM"]
[Site "Bergen im Chiemgau"]
[Date "2024.06.04"]
[Round "8.23"]
[White "Lindner, Helmut"]
[Black "Luef, Herbert"]
[Result "1/2-1/2"]
[BlackElo "1985"]
[BlackTeam "TSV Ingolstadt Nord"]
[EventDate "2024.??.??"]
[PlyCount "79"]
[WhiteElo "1876"]
[WhiteTeam "SC Prichsenstadt"]

1. e4 c5 2. Nc3 Nc6 3. f4 e6 4. Nf3 d5 5. Bb5 d4 6. Ne2 Bd7 7. Bxc6 Bxc6 8. d3
Bd6 9. O-O Ne7 10. Qe1 f6 11. Qg3 Ng6 12. h4 Qe7 13. h5 Nf8 14. c3 O-O-O 15.
cxd4 cxd4 16. Nexd4 Bc5 17. Be3 e5 18. fxe5 fxe5 19. Qxe5 Qxe5 20. Nxe5 Bxd4
21. Bxd4 Rxd4 22. Rac1 Ne6 23. Nxc6 bxc6 24. Rxc6+ Kd7 25. Rc3 Rf8 26. Ra3
Rxf1+ 27. Kxf1 Ke7 28. Rxa7+ Kf6 29. Ra5 Rxd3 30. Rf5+ Ke7 31. Ke2 Rd7 32. Ke3
Rd1 33. Rf2 Re1+ 34. Re2 Rxe2+ 35. Kxe2 Nf4+ 36. Kf3 Nxh5 37. b4 Nf6 38. a4 Kd6
39. Ke3 Ke5 40. a5  1/2-1/2

[Event "34. Bayerische Senioren EM"]
[Site "Bergen im Chiemgau"]
[Date "2024.06.04"]
[Round "8.24"]
[White "Biller, Helmut"]
[Black "Schubert, Joachim"]
[Result "1-0"]
[BlackElo "1926"]
[BlackTeam "TSG Oberschöneweide e.V."]
[EventDate "2024.??.??"]
[PlyCount "79"]
[WhiteElo "1971"]
[WhiteTeam "SF Frankfurt"]

1. d4 f5 2. g3 Nf6 3. Bg2 e6 4. c4 c6 5. Nf3 d5 6. O-O Bd6 7. b3 O-O 8. Ba3 Bxa3
9. Nxa3 Nbd7 10. Nb1 Ne4 11. Qc2 Ndf6 12. e3 Qe8 13. Ne5 Qh5 14. f3 Ng5 15. Nc3
Nh3+ 16. Kh1 g5 17. f4 g4 18. c5 Bd7 19. b4 a6 20. a4 Rad8 21. Rab1 Ne8 22. b5
axb5 23. axb5 cxb5 24. Nxb5 Rf6 25. Nc3 Bc8 26. Rb6 Rh6 27. Bxh3 Qxh3 28. Qg2
Qh5 29. Nb5 Nf6 30. Nd6 Nd7 31. Nxd7 Bxd7 32. Rxb7 Be8 33. Rfb1 Rf6 34. Rb8
Rxb8 35. Rxb8 Rf8 36. Qa2 Bc6 37. Rxf8+ Kxf8 38. Qa6 Bd7 39. c6 Be8 40. Nxe8 
1-0

[Event "34. Bayerische Senioren EM"]
[Site "Bergen im Chiemgau"]
[Date "2024.06.04"]
[Round "8.25"]
[White "Korat, Bernard"]
[Black "Krause, Helmut"]
[Result "1-0"]
[BlackElo "1694"]
[BlackTeam "SK Freilassing"]
[EventDate "2024.??.??"]
[PlyCount "99"]
[WhiteElo "1943"]
[WhiteTeam "vereinslos"]

1. d4 Nf6 2. Nf3 e6 3. c4 Bb4+ 4. Nc3 b6 5. g3 Bb7 6. Bg2 Ne4 7. Bd2 Bxc3 8.
Bxc3 Nxc3 9. bxc3 c5 10. O-O Qc7 11. d5 d6 12. e4 e5 13. Nd2 Nd7 14. Bh3 Nf6
15. Qa4+ Nd7 16. f4 Ke7 17. Bxd7 Qxd7 18. Qxd7+ Kxd7 19. fxe5 Rhf8 20. exd6
Kxd6 21. a4 f6 22. a5 Rfe8 23. Rfb1 Kc7 24. Rb2 Red8 25. Rab1 Rd6 26. Ra1 Rdd8
27. Rba2 Kd6 28. axb6 axb6 29. Ra7 Rxa7 30. Rxa7 Kc7 31. g4 Ra8 32. Rxa8 Bxa8
33. Kf2 Kd6 34. Ke3 Bb7 35. Nf3 Ba6 36. Kd3 h6 37. Nh4 Ke7 38. Nf5+ Kf7 39. h3
Kf8 40. Ne3 g6 41. Ke2 Ke7 42. Kf3 Bc8 43. h4 Kd6 44. h5 g5 45. Nf5+ Bxf5 46.
gxf5 Ke7 47. Ke3 Kd7 48. Kd3 Kd6 49. Kc2 b5 50. Kb3  1-0

[Event "34. Bayerische Senioren EM"]
[Site "Bergen im Chiemgau"]
[Date "2024.06.04"]
[Round "8.26"]
[White "Elbert, Gebhard"]
[Black "Desoye, Gernot"]
[Result "1/2-1/2"]
[BlackElo "1887"]
[BlackTeam "SF Graz AT"]
[EventDate "2024.??.??"]
[PlyCount "52"]
[WhiteElo "1939"]
[WhiteTeam "SF 1967 Sailauf e.V."]

1. d4 d5 2. Nf3 Nf6 3. e3 Bf5 4. c4 c6 5. Qb3 Qb6 6. c5 Qxb3 7. axb3 g6 8. b4
Bg7 9. Nc3 O-O 10. Nh4 Bd7 11. Be2 Ne4 12. Nf3 f6 13. Nxe4 dxe4 14. Nd2 f5 15.
Bc4+ Kh8 16. O-O Be8 17. Ra3 Nd7 18. Be6 Nf6 19. f3 exf3 20. Nxf3 Bf7 21. Bxf7
Rxf7 22. b3 Rff8 23. Re1 Kg8 24. Ng5 a6 25. Ne6 Rfc8 26. Nxg7 Kxg7  1/2-1/2

[Event "34. Bayerische Senioren EM"]
[Site "Bergen im Chiemgau"]
[Date "2024.06.04"]
[Round "8.27"]
[White "Lehmann, Edwin"]
[Black "Mitschka, Manfred"]
[Result "1-0"]
[BlackElo "1876"]
[BlackTeam "SK Neuburg"]
[EventDate "2024.??.??"]
[PlyCount "129"]
[WhiteElo "1933"]
[WhiteTeam "SK Königsspringer Emden"]

1. f4 e6 2. Nf3 b6 3. e3 Bb7 4. d4 Nf6 5. Bd3 Nc6 6. c3 a5 7. O-O g6 8. Nbd2 Bg7
9. Qe1 Ne7 10. e4 O-O 11. Qh4 h5 12. Ne5 d6 13. Nef3 a4 14. Ng5 Bh6 15. f5 e5
16. Ndf3 Kg7 17. dxe5 dxe5 18. Bc4 Qe8 19. Bxf7 Rxf7 20. Ne6+ Kh7 21. Bxh6 Kxh6
22. Qg5+ Kh7 23. Nxe5 gxf5 24. exf5 Qg8 25. Rae1 Bd5 26. Nxf7 Qxf7 27. Qf4 Kh8
28. Ng5 Qg7 29. h4 Neg8 30. c4 Bb7 31. Rf2 Rd8 32. Ne6 Qe7 33. Rfe2 Qd6 34. Qg5
Rd7 35. Nf4 Qd4+ 36. Kh1 Nh7 37. Ng6+ Kg7 38. Qg3 Qg4 39. Qf2 Ngf6 40. Ne5 Qd4
41. Nxd7 Qxd7 42. Qg3+ Ng4 43. Qf4 Nhf6 44. Qg5+ Kf8 45. Re6 Bc8 46. Rxf6+ Nxf6
47. Qxf6+ Kg8 48. Qe6+ Qxe6 49. fxe6 Kf8 50. e7+ Ke8 51. b3 axb3 52. axb3 Bd7
53. b4 c6 54. c5 bxc5 55. bxc5 Bg4 56. Kh2 Bf5 57. Kg3 Bg4 58. Kf4 Bd7 59. Kg5
Kf7 60. Kxh5 Be8 61. Kh6 Kf6 62. g4 Kf7 63. g5 Kg8 64. Rf1 Bf7 65. Rxf7  1-0

[Event "34. Bayerische Senioren EM"]
[Site "Bergen im Chiemgau"]
[Date "2024.06.04"]
[Round "8.28"]
[White "Ghijsen, Pim"]
[Black "Dyballa, Gerhard"]
[Result "1-0"]
[BlackElo "1944"]
[BlackTeam "SV Meschede"]
[EventDate "2024.??.??"]
[PlyCount "67"]
[WhiteElo "2058"]
[WhiteTeam "VAS"]

1. d4 Nf6 2. Nf3 d5 3. c4 c5 4. cxd5 cxd4 5. Qxd4 Qxd5 6. Nc3 Qxd4 7. Nxd4 a6 8.
g3 e5 9. Nb3 Bd7 10. Bg2 Bc6 11. e4 Bb4 12. Bd2 Bxc3 13. Bxc3 O-O 14. f3 Nbd7
15. O-O Rfe8 16. Rfd1 Nb6 17. Na5 Na4 18. Nxc6 Nxc3 19. bxc3 bxc6 20. Rd6 Red8
21. Rad1 Rxd6 22. Rxd6 a5 23. Rxc6 a4 24. Bf1 h6 25. Bc4 Ra7 26. Kf2 Rb7 27.
Ke3 Nd7 28. Rc8+ Kh7 29. Bxf7 Rb2 30. h4 Nb6 31. Rc5 Rc2 32. h5 Nd7 33. Rc8 g5
34. Rc7  1-0

[Event "34. Bayerische Senioren EM"]
[Site "Bergen im Chiemgau"]
[Date "2024.06.04"]
[Round "8.29"]
[White "Fischer, Gerd"]
[Black "Harke, Horst"]
[Result "1/2-1/2"]
[BlackElo "1830"]
[BlackTeam "SK Varel"]
[EventDate "2024.??.??"]
[PlyCount "41"]
[WhiteElo "2022"]
[WhiteTeam "SC Ansbach"]

1. Nf3 c6 2. b3 d5 3. Bb2 Nf6 4. e3 Bg4 5. Be2 Bxf3 6. Bxf3 Nbd7 7. d3 e5 8. Nd2
Bd6 9. c4 O-O 10. O-O Qc7 11. g3 Nc5 12. Qc2 Rac8 13. Bg2 Ncd7 14. Rac1 Qa5 15.
a3 Qb6 16. d4 Qd8 17. e4 exd4 18. exd5 cxd5 19. Qd3 dxc4 20. Nxc4 Ne5 21. Qd1 
1/2-1/2

[Event "34. Bayerische Senioren EM"]
[Site "Bergen im Chiemgau"]
[Date "2024.06.04"]
[Round "8.30"]
[White "Weimer, Lotha0"]
[Black "Frey, Peter"]
[Result "1-0"]
[BlackElo "1789"]
[BlackTeam "SG Traunstein/Traunreut"]
[EventDate "2024.??.??"]
[PlyCount "91"]
[WhiteElo "1946"]
[WhiteTeam "SK Kriegshaber"]

1. d4 Nf6 2. Bf4 c5 3. e3 Nc6 4. Nf3 g6 5. d5 Nb4 6. c4 d6 7. a3 Na6 8. Nc3 Bg7
9. Bd3 O-O 10. h3 Re8 11. O-O Rb8 12. Rb1 Nh5 13. Bh2 e5 14. dxe6 fxe6 15. Nb5
e5 16. Be4 Nf6 17. Nxd6 Nxe4 18. Nxe8 Qxe8 19. Qd5+ Be6 20. Qxe4 Bf5 21. Qd5+
Be6 22. Qd3 Rd8 23. Qc2 Bf5 24. e4 Bd7 25. Rbd1 Nb8 26. Rd5 Nc6 27. Rxc5 Nd4
28. Qd3 Ba4 29. Nxd4 Rxd4 30. Qe3 b6 31. Rd5 Bc2 32. f3 Rxd5 33. cxd5 Ba4 34.
Qc3 Bd7 35. Qc7 Bh6 36. Bxe5 Qc8 37. Qxc8+ Bxc8 38. Bd4 Ba6 39. e5 Bxf1 40.
Kxf1 Bg7 41. Ke2 Kf8 42. a4 Ke7 43. Kd3 Bh6 44. Kc4 Bg7 45. Kb5 Kd8 46. Ka6 
1-0

[Event "34. Bayerische Senioren EM"]
[Site "Bergen im Chiemgau"]
[Date "2024.06.04"]
[Round "8.31"]
[White "Klüber, Werner"]
[Black "Blumenstock, Axel"]
[Result "1/2-1/2"]
[BlackElo "1885"]
[BlackTeam "SF Taunus"]
[EventDate "2024.??.??"]
[PlyCount "94"]
[WhiteElo "1849"]
[WhiteTeam "SC Prichsenstadt"]

1. d4 d5 2. Nf3 Nf6 3. c4 c6 4. cxd5 cxd5 5. Nc3 Nc6 6. Bf4 e6 7. e3 Bd6 8. Bxd6
Qxd6 9. a3 O-O 10. Bd3 e5 11. dxe5 Nxe5 12. Nd4 a6 13. h3 Bd7 14. Be2 Rac8 15.
O-O Rfe8 16. Nf3 Bc6 17. Nxe5 Qxe5 18. Bf3 Rcd8 19. Qd4 Qxd4 20. exd4 Ne4 21.
Rad1 Nxc3 22. bxc3 Ba4 23. Rc1 Bb5 24. Rfe1 Bc4 25. Re3 Rxe3 26. fxe3 Kf8 27.
Kf2 Ke7 28. e4 Kd6 29. exd5 b5 30. Ke3 Bxd5 31. Bxd5 Kxd5 32. Kd3 Rc8 33. Rb1
Rc6 34. Rb2 f5 35. Re2 Re6 36. Rxe6 Kxe6 37. h4 g6 38. Ke3 h6 39. g3 g5 40.
hxg5 hxg5 41. Kf3 Kd5 42. Ke3 Kc4 43. Kd2 a5 44. Kc2 b4 45. axb4 axb4 46. cxb4
Kxd4 47. Kd2 Kc4  1/2-1/2

[Event "34. Bayerische Senioren EM"]
[Site "Bergen im Chiemgau"]
[Date "2024.06.04"]
[Round "8.32"]
[White "Burg, Henk"]
[Black "Hirstel, Serge"]
[Result "0-1"]
[BlackElo "1880"]
[BlackTeam "Hindisheim France"]
[EventDate "2024.??.??"]
[PlyCount "122"]
[WhiteElo "1774"]
[WhiteTeam "Hmc Den Bosch"]

1. c4 c6 2. Nc3 d5 3. cxd5 cxd5 4. e3 Nf6 5. d4 e6 6. Bb5+ Bd7 7. Nge2 Bxb5 8.
Nxb5 Nc6 9. O-O a6 10. Nbc3 Bd6 11. h3 O-O 12. a3 Rc8 13. Bd2 Bb8 14. f4 Ne4
15. Nxe4 dxe4 16. Rc1 f5 17. Qb3 Qd7 18. Nc3 Rfd8 19. Na4 Ba7 20. Nb6 Bxb6 21.
Qxb6 Ne7 22. Rxc8 Rxc8 23. Qb3 Nd5 24. Rc1 Rxc1+ 25. Bxc1 Qc6 26. Qd1 Qc4 27.
Kf2 a5 28. Bd2 a4 29. Qc1 Qxc1 30. Bxc1 Kf7 31. Ke2 Kf6 32. Kf2 Nb6 33. Bd2 Kf7
34. Bc1 Ke7 35. Ke2 Nc4 36. Kd1 Kd6 37. Kc2 b5 38. b3 axb3+ 39. Kxb3 Kc6 40. a4
Nb6 41. axb5+ Kxb5 42. Bd2 Nc4 43. Bc1 h5 44. h4 Nb6 45. Bd2 Nd5 46. g3 g6 47.
Bc1 Nf6 48. Bd2 Ng4 49. Kc3 Nh2 50. Be1 Nf1 51. Bf2 Kc6 52. Kc2 Kd5 53. Kd1 Nh2
54. Ke2 Kc4 55. Kd2 Kb3 56. Ke2 Nf3 57. Kd1 Kc3 58. Ke2 Kc2 59. Be1 Nxe1 60.
Kxe1 Kd3 61. Kf2 Kd2  0-1

[Event "34. Bayerische Senioren EM"]
[Site "Bergen im Chiemgau"]
[Date "2024.06.04"]
[Round "8.33"]
[White "Trattner, Alfred"]
[Black "Stephan, Hubert"]
[Result "0-1"]
[BlackElo "1878"]
[BlackTeam "SC Prien"]
[EventDate "2024.??.??"]
[PlyCount "86"]
[WhiteElo "1808"]
[WhiteTeam "SV Holz Dohr Semriach"]

1. d4 d5 2. e3 Nf6 3. Bd3 Nc6 4. f4 e6 5. Nf3 Bd6 6. Ne5 Nb4 7. O-O Nxd3 8. Qxd3
Ne4 9. Nd2 f5 10. c4 O-O 11. Ndf3 Bd7 12. Nxd7 Qxd7 13. c5 Be7 14. b4 c6 15.
Ne5 Qe8 16. a4 a6 17. Rf3 Nf6 18. Rh3 Bd8 19. Rb1 Bc7 20. b5 Bxe5 21. fxe5 Ne4
22. bxa6 Rxa6 23. Qb3 Rf7 24. Rf3 Qd8 25. Rf1 Qa8 26. Ra1 Qd8 27. Rd1 Qa5 28.
Bb2 b6 29. cxb6 Rxb6 30. Qc2 f4 31. exf4 Rxf4 32. Rf1 Rxf1+ 33. Rxf1 Qb4 34.
Ba1 Ra6 35. Qe2 Rxa4 36. Qf3 Ra7 37. Qh3 Ng5 38. Qg4 Qe7 39. Bc3 Ne4 40. Bb4 c5
41. dxc5 Rb7 42. Ba3 Rb3 43. Ra1 Rxa3  0-1

[Event "34. Bayerische Senioren EM"]
[Site "Bergen im Chiemgau"]
[Date "2024.06.04"]
[Round "8.34"]
[White "Huber, Herbert"]
[Black "Hülle, Gunter"]
[Result "1-0"]
[BlackElo "1765"]
[BlackTeam "SV Springer Leipzig"]
[EventDate "2024.??.??"]
[PlyCount "37"]
[WhiteElo "1858"]
[WhiteTeam "SK Wasserburg"]

1. d4 Nf6 2. c4 g6 3. Nc3 Bg7 4. Nf3 O-O 5. Bg5 h6 6. Bh4 d6 7. e3 c6 8. Be2 Qc7
9. Rc1 e5 10. O-O a6 11. h3 Nbd7 12. Bg3 Nh5 13. Bh2 f5 14. Nh4 Nhf6 15. Nxg6
Re8 16. Nh4 Nf8 17. Qc2 e4 18. c5 d5 19. Bxc7  1-0